<?xml version="1.0" encoding="UTF-8"?>
<collection xmlns="http://www.loc.gov/MARC21/slim">
<record>
  <controlfield tag="001">100669</controlfield>
  <controlfield tag="005">20210520140813.0</controlfield>
  <datafield tag="037" ind1=" " ind2=" ">
    <subfield code="a">TESIS-2021-080</subfield>
  </datafield>
  <datafield tag="041" ind1=" " ind2=" ">
    <subfield code="a">spa</subfield>
  </datafield>
  <datafield tag="080" ind1=" " ind2=" ">
    <subfield code="a">617.7</subfield>
  </datafield>
  <datafield tag="100" ind1="1" ind2=" ">
    <subfield code="a">Almenara Michelena, Cristina</subfield>
  </datafield>
  <datafield tag="245" ind1="0" ind2="0">
    <subfield code="a">Evaluación de puntos hiperreflectivos y de las capas retinianas externas en imágenes de SD-OCT de pacientes con edema macular secundario a oclusión venosa retiniana, tratados mediante el implante intravítreo de dexametasona (Ozurdex)</subfield>
  </datafield>
  <datafield tag="260" ind1=" " ind2=" ">
    <subfield code="a">Zaragoza</subfield>
    <subfield code="b">Universidad de Zaragoza, Prensas de la Universidad</subfield>
    <subfield code="c">2020</subfield>
  </datafield>
  <datafield tag="300" ind1=" " ind2=" ">
    <subfield code="a">231</subfield>
  </datafield>
  <datafield tag="490" ind1="0" ind2=" ">
    <subfield code="a">Tesis de la Universidad de Zaragoza</subfield>
    <subfield code="x">2254-7606</subfield>
    <subfield code="v">2021-80</subfield>
  </datafield>
  <datafield tag="500" ind1=" " ind2=" ">
    <subfield code="a">Presentado:  23 10 2020</subfield>
  </datafield>
  <datafield tag="502" ind1=" " ind2=" ">
    <subfield code="a">Tesis-Univ. Zaragoza,  , 2020</subfield>
    <subfield code="b">Zaragoza, Universidad de Zaragoza</subfield>
    <subfield code="c">2020</subfield>
  </datafield>
  <datafield tag="520" ind1=" " ind2=" ">
    <subfield code="a">OBJETIVOS DEL ESTUDIO&lt;br />1. Caracterizar, en pacientes de nuestro entorno afectos de edema macular (EM) secundario a oclusión venosa retiniana (OVR), la mejor agudeza visual corregida (MAVC) y los hallazgos microestructurales retinianos observables en imágenes basales de tomografía de coherencia óptica de dominio espectral (Spectral-Domain Optical Coherence Tomography, SD-OCT)- tales como el grosor retiniano central (central retinal thickness, CRT), la presencia de fluido intrarretiniano (intraretinal fluid, IRF) y de fluido subretiniano (subretinal fluid, SRF), cantidad y localización de puntos hiperreflectivos (hiperreflective points, HRP), e integridad de las capas retinianas externas –membrana limitante externa (MLE), ellipsoid zone (EZ), zona de interdigitación (interdigitation zone, IZ)-.&lt;br />2. Valorar el efecto del implante intravítreo de dexametasona (Ozurdex®) sobre la MAVC y sobre los hallazgos microestructurales retinianos observables en imágenes basales de SD-OCT.&lt;br />3. Analizar la relación entre la cantidad basal de HRP retinianos y la MAVC, antes y después de la aplicación de Ozurdex®. &lt;br />4. Analizar la relación entre la cantidad basal de HRP retinianos y CRT, presencia de IRF, presencia de SRF, y la integridad de capas retinianas externas, antes y después de la aplicación de Ozurdex®.&lt;br />5. Investigar la relación entre los hallazgos microestructurales retinianos observables en imágenes basales de SD-OCT y la MAVC basal. &lt;br />6. Investigar la relación entre los hallazgos microestructurales retinianos observables en imágenes basales de SD-OCT y los resultados visuales después de la aplicación de Ozurdex®, de cara a proponer dichos factores como biomarcadores de resultados visuales. &lt;br />7. Estudiar la patogénesis de HRP retinianos en pacientes con EM por OVR. Analizar la teoría inflamatoria en función de su respuesta a la aplicación del implante intravítreo de dexametasona. &lt;br />METODOLOGÍA&lt;br />Se incluyeron 83 ojos correspondientes a 83 pacientes con EM secundario a OVR -oclusión de vena central de la retina (OVCR) u oclusión de rama venosa retiniana (ORVR)-. Se realizó un análisis completo de las imágenes obtenidas mediante el equipo SD-OCT (Heidelberg Engineering, Heidelberg, Germany), en concreto de los hallazgos microestructurales retinianos -CRT, presencia de IRF y de SRF, cantidad y localización de HRP, defecto cuantitativo y cualitativo de capas retinianas externas -MLE, EZ, IZ-.  Los pacientes fueron tratados mediante la aplicación del implante intravítreo de 0,7 mg dexametasona (Ozurdex®). Posteriormente, se repitieron las pruebas para valorar la posible modificación de esos hallazgos microestructurales tras la aplicación de la terapia.&lt;br />RESULTADOS/CONCLUSIONES&lt;br />1.En pacientes con EM por OVR, la aplicación del implante intravítreo de dexametasona (Ozurdex®) aumenta significativamente la MAVC decimal, evaluada a los dos meses del tratamiento. Además, en las imágenes SD-OCT de estos pacientes, se reducen de manera significativa el CRT, el IRF y el SRF.&lt;br />2.En pacientes con EM por OVR, el implante intravítreo de dexametasona (Ozurdex®) también reduce significativamente la cantidad de HRP retinianos en imágenes de SD-OCT. No se ha podido constatar un cambio en la localización de los HRP retinianos.&lt;br />	 &lt;br />3.La aplicación del implante intravítreo de dexametasona en pacientes con EM secundario a OVR, promueve la recuperación significativa del defecto de las capas retinianas externas, como la MLE y EZ. Dicha recuperación fue analizada cuantitativamente y cualitativamente en imágenes de SD-OCT. &lt;br />4.No encontramos una asociación entre la presencia de HRP retinianos, CRT, IRF y SRF analizados en la imagen basal de SD-OCT®. Tampoco detectamos una asociación entre los HRP retinianos observables en la imagen basal de SD-OCT, y CRT, IRF, SRF analizados después de la aplicación de Ozurdex®.&lt;br />5.En pacientes con EM por OVR, la presencia de numerosos HRP retinianos pre-Ozurdex se relaciona con un mayor defecto cuantitativo de las capas retinianas externas –MLE, EZ, IZ-, antes y después de la aplicación del tratamiento. No hemos hallado esas relaciones al estudiar el defecto de las capas retinianas externas con el método cualitativo. &lt;br />6.En pacientes con EM por OVR y tratados mediante la aplicación del implante intravítreo de dexametasona (Ozurdex®), los análisis bivariantes demuestran la relación estadísticamente significativa que existe entre los peores resultados visuales y la mayor edad, menor MAVC basal, mayor CRT, el mayor defecto cuantitativo de MLE, EZ, IZ, y el mayor defecto cualitativo de MLE y EZ, observables en la imagen de SD-OCT de la visita basal. La evaluación del papel predictivo de esa serie de variables sobre la MAVC final, supone la pérdida de las significaciones, y se mantiene la mayor edad y menor MAVC como únicos factores predictivos de peores resultados visuales. &lt;br /></subfield>
  </datafield>
  <datafield tag="506" ind1=" " ind2=" ">
    <subfield code="a">all-rights-reserved</subfield>
  </datafield>
  <datafield tag="520" ind1=" " ind2=" ">
    <subfield code="a">&lt;br /></subfield>
  </datafield>
  <datafield tag="521" ind1=" " ind2=" ">
    <subfield code="9">7085</subfield>
    <subfield code="a">Programa de Doctorado en Medicina</subfield>
  </datafield>
  <datafield tag="653" ind1="1" ind2=" ">
    <subfield code="a">oftalmologia</subfield>
  </datafield>
  <datafield tag="700" ind1=" " ind2=" ">
    <subfield code="a">Ascaso Puyuelo, Francisco Javier </subfield>
    <subfield code="e">dir.</subfield>
  </datafield>
  <datafield tag="700" ind1=" " ind2=" ">
    <subfield code="a">Cristóbal Bescós, José Ángel </subfield>
    <subfield code="e">dir.</subfield>
  </datafield>
  <datafield tag="710" ind1="2" ind2=" ">
    <subfield code="a">Universidad de Zaragoza</subfield>
    <subfield code="b"> </subfield>
  </datafield>
  <datafield tag="830" ind1=" " ind2=" ">
    <subfield code="9">497</subfield>
  </datafield>
  <datafield tag="856" ind1="0" ind2=" ">
    <subfield code="f">tdr@unizar.es</subfield>
  </datafield>
  <datafield tag="856" ind1="4" ind2=" ">
    <subfield code="u">http://zaguan.unizar.es/record/100669/files/TESIS-2021-080.pdf</subfield>
    <subfield code="z">Texto completo (spa)</subfield>
    <subfield code="s">6577301</subfield>
  </datafield>
  <datafield tag="909" ind1="C" ind2="O">
    <subfield code="o">oai:zaguan.unizar.es:100669</subfield>
    <subfield code="p">driver</subfield>
    <subfield code="p">tesis</subfield>
  </datafield>
  <datafield tag="910" ind1="2" ind2=" ">
    <subfield code="a"></subfield>
    <subfield code="b"> </subfield>
  </datafield>
  <datafield tag="980" ind1=" " ind2=" ">
    <subfield code="a">TESIS</subfield>
  </datafield>
</record>
</collection>